00885nam a2200229Ia 4500003000400000005001700004008004100021020001800062040001800080041000800098082002200106100003500128245008800163250001200251260007000263300003100333650003900364650003300403942003100436999001900467952016900486OSt20220920113234.0210716s2014 xx 000 0 und d a9789381141854 cAIMIT LIBRARY aeng a005.448 21bDUBS aDubey, Sanjiva Shankar.957981 aCloud computing and beyond :ba managerial perspective /cBy Sanjiva Shankar Dubey. a1st ed. aNew Delhi :bI K International Publishing House Pvt Ltd ,c2014 . axvi, 235p. ;bPBc21.5 cm. aAdoption planning for cloud957982 aCloud business models957983 2ddccBKe1stk005.448 DUBS c197282d197282 00102ddc40708MCAaAIMITbAIMITeKnowledge Worldg425.00iBill no:929; Bill dt:2020-03-16l0o005.448 DUBSpMCA16797r2026-05-23 00:00:00v318.75w2021-07-16yBK